<?xml version="1.0" encoding="UTF-8"?>
<record
    xmlns:xsi="http://www.w3.org/2001/XMLSchema-instance"
    xsi:schemaLocation="http://www.loc.gov/MARC21/slim http://www.loc.gov/standards/marcxml/schema/MARC21slim.xsd"
    xmlns="http://www.loc.gov/MARC21/slim">

  <leader>02296nam a22002417a 4500</leader>
  <controlfield tag="003">OSt</controlfield>
  <controlfield tag="005">20241029153226.0</controlfield>
  <controlfield tag="008">230927b        |||||||| |||| 00| 0 eng d</controlfield>
  <datafield tag="040" ind1=" " ind2=" ">
    <subfield code="b">eng</subfield>
    <subfield code="c">Foundation University Library</subfield>
    <subfield code="e">rda</subfield>
  </datafield>
  <datafield tag="050" ind1=" " ind2=" ">
    <subfield code="a">LG 221 D35 G73</subfield>
    <subfield code="b">A6 E38 2020 Ab161</subfield>
  </datafield>
  <datafield tag="100" ind1=" " ind2=" ">
    <subfield code="a">Abrasado, Geraldine M.</subfield>
    <subfield code="e">author</subfield>
    <subfield code="9">7162</subfield>
  </datafield>
  <datafield tag="245" ind1=" " ind2=" ">
    <subfield code="a">Effectiveness of the teacher induction program /</subfield>
    <subfield code="c">by Geraldine M. Abrasado</subfield>
  </datafield>
  <datafield tag="260" ind1=" " ind2=" ">
    <subfield code="a">Dumaguete City :</subfield>
    <subfield code="b">Foundation University,</subfield>
    <subfield code="c">2020</subfield>
  </datafield>
  <datafield tag="300" ind1=" " ind2=" ">
    <subfield code="a">viii, 107 leaves :</subfield>
    <subfield code="b">illustrations ;</subfield>
    <subfield code="c">28 cm.</subfield>
  </datafield>
  <datafield tag="500" ind1=" " ind2=" ">
    <subfield code="a">Tables.</subfield>
  </datafield>
  <datafield tag="502" ind1=" " ind2=" ">
    <subfield code="6">Graduate Thesis (Doc of Education) -- Foundation University, 2020.</subfield>
  </datafield>
  <datafield tag="504" ind1=" " ind2=" ">
    <subfield code="a">Includes bibliographical references and appendices.</subfield>
  </datafield>
  <datafield tag="520" ind1=" " ind2=" ">
    <subfield code="a">"Aimed to determine the effectiveness of the teacher induction program (TIP) to enhance novice teachers in their task as teachers as stipulated in the different domains of the Philippine Professional Standards for Teachers (PPST). The study made use of the descriptive-correlational research design with the novice teachers and school heads of the Division of Dumaguete City as respondents. With reference to the measurement of the TIP effectiveness on novuce teachers, a researcher-made questionnaire modified from the PPST was utilized. Documentary analysis for teachers' performance was used. It utilized weighted, t-test, Pearson r and chi-square for its statistical tool. The findings revealed that novice teachers' perception as to the extent of effectiveness of the teacher induction program to be "high". Novice teachers and school heads differ significantly in their perception as to the extent of effectiveness of the teacher induction program. Novice teachers' performance based on the RPMS-IPCRF is "very satisfactory." There is a significant relationship between the extent of effectiveness of the teacher induction program on novice teachers and their performance. Novice teachers' is not significantly related to their profile. As an output of the study, an action plan to enhance TIP implementation was recommended." --Abstract</subfield>
  </datafield>
  <datafield tag="650" ind1=" " ind2=" ">
    <subfield code="2">LC</subfield>
    <subfield code="a">Teacher Induction program</subfield>
    <subfield code="9">8719</subfield>
  </datafield>
  <datafield tag="690" ind1=" " ind2=" ">
    <subfield code="2">FU</subfield>
    <subfield code="a">Novice Teachers</subfield>
    <subfield code="9">8720</subfield>
  </datafield>
  <datafield tag="690" ind1=" " ind2=" ">
    <subfield code="2">FU</subfield>
    <subfield code="a">Effectiveness</subfield>
    <subfield code="9">8418</subfield>
  </datafield>
  <datafield tag="942" ind1=" " ind2=" ">
    <subfield code="2">lcc</subfield>
    <subfield code="c">DS</subfield>
    <subfield code="n">0</subfield>
    <subfield code="h">LG 221 D35 G73</subfield>
    <subfield code="i">A6 E38 2020 Ab161</subfield>
  </datafield>
  <datafield tag="999" ind1=" " ind2=" ">
    <subfield code="c">3357</subfield>
    <subfield code="d">3357</subfield>
  </datafield>
  <datafield tag="952" ind1=" " ind2=" ">
    <subfield code="0">0</subfield>
    <subfield code="1">0</subfield>
    <subfield code="2">lcc</subfield>
    <subfield code="4">0</subfield>
    <subfield code="7">0</subfield>
    <subfield code="a">FURACenter</subfield>
    <subfield code="b">URACenter</subfield>
    <subfield code="c">DST</subfield>
    <subfield code="d">2024-10-29</subfield>
    <subfield code="l">0</subfield>
    <subfield code="o">LG 221 D35 G73 A6 E38 2020 Ab161</subfield>
    <subfield code="p">0232024005010</subfield>
    <subfield code="r">2023-09-27 00:00:00</subfield>
    <subfield code="w">2023-09-27</subfield>
    <subfield code="y">DS</subfield>
    <subfield code="k">GS-DE-2024010</subfield>
  </datafield>
</record>
